Cervantes : un escritor en busca de la libertad /
Guardado en:
| Autor Principal: | |
|---|---|
| Otros Autores: | |
| Formato: | Libro |
| Publicado: |
San Isidro :
Vicens Vives,
2013
|
| Materias: | |
| Etiquetas: |
Agregar Etiqueta
Sin Etiquetas, Sea el primero en etiquetar este registro!
|
| LEADER | 00740nam a22002175a 4500 | ||
|---|---|---|---|
| 001 | CEM.cems014240 | ||
| 005 | 20140326103854.0 | ||
| 008 | 130507s2013##################000#0#####d | ||
| 003 | CEMS | ||
| 020 | |a 9789871291489 | ||
| 082 | 0 | 4 | |a 928 |
| 100 | 1 | |a Murias de Aller, Eduardo | |
| 245 | 1 | 0 | |a Cervantes : |b un escritor en busca de la libertad / |c Eduardo Murias de Aller y Antonio Rey Hazas; ilustrado Por Jesús Gabán |
| 260 | |a San Isidro : |b Vicens Vives, |c 2013 | ||
| 300 | |a 88 p. | ||
| 653 | |a Biografías | ||
| 653 | |a Cervantes saavedra, miguel de-biografía | ||
| 653 | |a Biografías | ||
| 653 | |a Ministerio de educación-colección literaria | ||
| 700 | 1 | |a Rey Hazas, Antonio | |
| 859 | |a CEMS |b BIB. CEMS - 11 de abril |h 928 |i M945 |p 26862.14 |t Ej.1 | ||
